Music Quiz

Random Music or Song Quiz

Clicky-oke: You're Gonna Go Far Kid by the Offspring Quiz Stats

 Plays Quiz not verified by Sporcle

Score 0/60 Timer 07:00
0 Plays Today
% Correct
all the time
93.3%
to lie
90.3%
only you
89.6%
f----r, dance
88.8%
unsuspecting herd
88.1%
had a chance
87.3%
You're gonna go far, kid
86.6%
between the eyes
86.6%
between the eyes
86.6%
word
85.8%
And a good disguise
85.8%
f----r, dance
85.8%
Nothing more to say
85.8%
in your eyes
85.1%
had a chance
85.1%
even knew
85.1%
You're gonna go far, kid
84.3%
against the one
83.6%
f----r, dance
83.6%
only you
83.6%
hard to teach
82.8%
f----r, dance
82.8%
even knew
82.8%
between the eyes
82.8%
between the eyes
82.8%
And a good disguise
82.8%
for their lives
82.1%
only you
82.1%
between the eyes
82.1%
for their lives
82.1%
% Correct
in your eyes
82.1%
even knew
81.3%
Nothing more to say
81.3%
for their lives
81.3%
between the eyes
81.3%
Nothing more to say
81.3%
Nothing more to say
80.6%
of me
80.6%
had a chance
80.6%
only you
80.6%
between the eyes
80.6%
in your eyes
79.9%
had a chance
79.1%
And a good disguise
79.1%
in your eyes
79.1%
between the eyes
79.1%
for their lives
78.4%
back into line
77.6%
to their feet
77.6%
of line
76.9%
what you want
76.1%
about me
75.4%
is gonna pay
74.6%
Lord of the flies
69.4%
in your sights
67.9%
deceived!
64.9%
in your way
64.2%
Show the light of day
61.9%
I'm wide awake
55.2%
Take him out today
53%

You're not logged in!

Compare scores with friends on all Sporcle quizzes.
OR
Log In

Show Comments

Extras

Top Quizzes Today


Score Distribution

Your Account Isn't Verified!

In order to create a playlist on Sporcle, you need to verify the email address you used during registration. Go to your Sporcle Settings to finish the process.

Report this User

Report this user for behavior that violates our Community Guidelines.

Details: